| 000 | 01250naa a22003377a 4500 | ||
|---|---|---|---|
| 001 | BR7806572 | ||
| 003 | BR-BrBNA | ||
| 005 | 20240918174234.0 | ||
| 007 | ta | ||
| 008 | 230509b bl.||||| |||| 00| 0 por d | ||
| 040 |
_aBR-BrBNA _bpor _cBiblioteca Nacional de Agricultura |
||
| 041 | _a(Pt) | ||
| 072 |
_aH50; U20 _b2120 _b4230 _bG514 |
||
| 090 | _aH50 BR7806572 | ||
| 100 | 1 | _aPinto, H.S. | |
| 100 | 1 | _aCamargo, H.P. de | |
| 100 | 1 | _aNobrega, M. da | |
| 100 | 1 | _aOrtolani, A.A. | |
| 111 | 1 |
_a6. Congresso Brasileiro de Pesquisas Cafeeiras _cRibeirao Preto, SP (Brazil) _d24 Oct 1978 |
|
| 245 | 1 | _aUm sistema computacional para levantamento de prejuizos causados por geadas a cafeicultura do estado de Sao Paulo [Brasil] | |
| 260 | 3 |
_aRio de Janeiro, RJ (Brasil): _c1978. |
|
| 500 | _aResumos do 6. Congresso Brasileiro de Pesquisas Cafeeiras Rio de Janeiro, RJ (Brasil): 1978. p. 145-147 (BR7806572-AM)H50 | ||
| 650 | _aCAFE | ||
| 650 | _aGEADA | ||
| 650 | _aCOMPUTADOR | ||
| 650 | _aPERDA DA PRODUCAO | ||
| 650 | _aSAO PAULO | ||
| 773 | 0 |
_tResumos do 6. Congresso Brasileiro de Pesquisas Cafeeiras _wH50 BR7806572 _gRio de Janeiro, RJ (Brasil), 1978. p. 145-147 |
|
| 909 |
_a202404 _bLucia _c55 _dLucia Elande |
||
| 942 |
_cAM _2AGRIS |
||
| 999 |
_c309804 _d309804 |
||